El marco jurd̕ico del voluntariado. Gua̕ prc̀tica de la Ley 5/2004, de 22 de Octubre, del voluntariado en la regin̤ de Murcia)

Detalles Bibliográficos
Formato: eBook
Lenguaje:español
Publicado: Murcia : Integra y participa, 2005
Materias:
Acceso en línea:http://www.vlex.com/source/6895

MARC

LEADER 00000nam a22000007a 4500
005 20130118132921.0
007 cr|||| ||||
008 130118e2005 sp |||||s|||| 00||0 spa d
035 |a 6895 
040 |a vLex 
090 |c 3550  |d 3550 
245 0 3 |a El marco jurd̕ico del voluntariado. Gua̕ prc̀tica de la Ley 5/2004, de 22 de Octubre, del voluntariado en la regin̤ de Murcia)  |h [Recurso electrn̤ico] 
256 |a Servicio en ln̕ea 
260 |a Murcia :  |b Integra y participa,   |c 2005  
300 |a 1 Recurso electrn̤ico 
650 0 4 |a Asociaciones, instituciones, etc.  |z Espaą 
650 0 4 |a Administracin̤ autonm̤ica  |z Murcia 
740 |a vLex Libros (Servicio en ln̕ea) 
856 |a Acceso restringido  |u http://www.vlex.com/source/6895 
942 |c BOOK 
999 0 |a Associations, institutions, etc.